| 000 | 01140nam a2200325 a 4500 | ||
|---|---|---|---|
| 001 | 000005696 | ||
| 003 | DO-SdBNP | ||
| 005 | 20170925115524.0 | ||
| 007 | 000005696 | ||
| 008 | 090821s2009 dr ac 001 0 spa d | ||
| 020 | _a9789945408249 | ||
| 040 |
_aBPMSU _bspa _cBPMSU |
||
| 082 | 4 |
_a781.63 _bC117m |
|
| 100 | 1 | _aCabral, Euri | |
| 245 | 1 | 3 |
_aEl merengue y la bachata : _borígenes, etapas y líderes / _cEuri Cabral. |
| 260 |
_aSanto Domingo : _bProducciones el y ella, _c2009. |
||
| 300 |
_a225 p. : _bil., retrs. ; _c24 cm. |
||
| 500 | _aIncluye datos biográficos del autor en la solapa de la contracubierta | ||
| 504 | _aBibliografía: p. 219-225 | ||
| 650 | 4 |
_aMERENGUE (MÚSICA) _xHISTORIA _zREPÚBLICA DOMINICANA |
|
| 650 | 4 |
_aMERENGUE (MÚSICA) _zCARIBE (REGIÓN) |
|
| 650 | 4 |
_aBACHATA (MÚSICA) _xHISTORIA _zREPÚBLICA DOMINICANA |
|
| 650 | 4 | _aMÚSICOS DOMINICANOS | |
| 650 | 4 | _aMÚSICA BAILABLE DOMINICANA | |
| 650 | 4 |
_aMÚSICA POPULAR _zREPÚBLICA DOMINICANA |
|
| 910 | _aValidado. Control de calidad MFF | ||
| 942 |
_2ddc _cBK |
||
| 945 | _aInventariado / 2017 VM | ||
| 956 |
_aVMATEO _b10 _c20150807 _lBPMSU _h00151 |
||
| 999 |
_c8127 _d8127 |
||